[Event "National Open 2012"]
[Site "Las Vegas USA"]
[Date "2012.06.15"]
[Round "1"]
[White "Kelley,D"]
[Black "Ivanisevic,I"]
[Result "1-0"]
[WhiteElo "2242"]
[BlackElo "2655"]

1.d4 Nf6 2.c4 e6 3.Nf3 d5 4.Nc3 c6 5.e3 Nbd7 6.Qc2 Bd6 7.Bd3 O-O 8.O-O dxc4
9.Bxc4 a6 10.Rd1 b5 11.Be2 Qc7 12.e4 e5 13.g3 Re8 14.a3 exd4 15.Nxd4 Bb7
16.Nf5 Be5 17.f4 Bxc3 18.Qxc3 Rxe4 19.Bf3 Re6 20.b4 Rae8 21.Nd4 Rd6 22.Bb2 Qb6
23.Kf1 c5 24.Nf5 Rxd1+ 25.Rxd1 Bxf3 26.Qxf3 Qe6 27.Nd6 Qh3+ 28.Kg1 Rd8 29.Nb7 Re8
30.Nd6 Re7 31.Bxf6 gxf6 32.bxc5 Qe6 33.Qa8+ Nf8 34.Qd5 Rc7 35.Qxe6 Nxe6 36.Ne4 Kg7
37.Rd5 Rc6 38.f5 Ng5 39.Nd2 h5 40.h4 Nh7 41.Nb3 Kf8 42.Kf2 Ke8 43.Na5 Rc8
44.Ke3 Rd8 45.Kd4 Rxd5+ 46.Kxd5 Kd7 47.c6+ Kc7 48.Nb3 Ng5 49.hxg5 fxg5 50.Kc5 h4
51.gxh4 gxh4 52.Nd4 h3 53.Nf3 f6 54.Nh2  1-0

[Event "National Open 2012"]
[Site "Las Vegas USA"]
[Date "2012.06.15"]
[Round "2"]
[White "Helfst,Matt D"]
[Black "Lebovitz,Andrew E"]
[Result "1-0"]
[WhiteElo "1930"]
[BlackElo "2090"]

1.Nf3 Nf6 2.c4 c6 3.d4 d5 4.Nc3 e6 5.e3 Nbd7 6.b3 Bd6 7.Bb2 O-O 8.Bd3 e5
9.cxd5 cxd5 10.dxe5 Nxe5 11.Be2 Qe7 12.O-O Rd8 13.Nb5 Nxf3+ 14.Bxf3 Bb8 15.Rc1 a6
16.Bxf6 Qxf6 17.Nd4 Be5 18.Qd3 Qd6 19.g3 Bd7 20.Rfd1 Rac8 21.Rxc8 Bxc8 22.Ne2 Be6
23.Bg2 g6 24.Kh1 Qb4 25.e4 d4 26.f4 Bb8 27.Rc1 Ba7 28.f5 Bd7 29.a4 Bc6 30.Rf1 Qe7
31.Nf4 gxf5 32.Nd5 Bxd5 33.exd5  1-0

[Event "5th Karen Asrian Memorial"]
[Site "Jermuk ARM"]
[Date "2012.06.16"]
[Round "1.9"]
[White "Chibukhchian,A"]
[Black "Mikaelyan,A"]
[Result "1-0"]
[WhiteElo "2494"]
[BlackElo "2216"]

1.d4 d5 2.c4 c6 3.Nf3 Nf6 4.e3 e6 5.Nc3 Nbd7 6.Qc2 Bd6 7.Bd3 O-O 8.O-O dxc4
9.Bxc4 a6 10.e4 e5 11.Rd1 Qc7 12.h3 b5 13.Bb3 exd4 14.Nxd4 Nc5 15.Bg5 Be5
16.Rac1 Nxb3 17.Nxb3 Bxc3 18.bxc3 Qe5 19.Bxf6 Qxf6 20.c4 Be6 21.c5 Qg5 22.Nd4 Bxh3
23.f4 Qg6 24.f5 Qg5 25.Qd2 Qxd2 26.Rxd2 Bg4 27.Nxc6 Rfe8 28.Rd4 a5 29.Kf2 f6
30.Kg3 Bh5 31.a3 Bf7 32.Kf4 Kf8 33.Rd6 Bc4 34.e5 fxe5+ 35.Nxe5 Rac8 36.c6 Bb3
37.Rc5 Ba4 38.c7 b4 39.Rxa5 Bc2 40.Rc6 b3 41.Rb5 g5+ 42.fxg6 hxg6 43.Nd7+ Kg7
44.Nb6 Re4+ 45.Kg5 b2 46.Rxb2 Rce8 47.Rxg6+ Kh7 48.c8=Q R4e5+ 49.Kf6 Rxc8
50.Kxe5 Re8+  1-0

[Event "65th ch-RUS HL w"]
[Site "Tyumen RUS"]
[Date "2012.06.16"]
[Round "1"]
[White "Romanko,M"]
[Black "Cheremnova,T"]
[Result "1-0"]
[WhiteElo "2420"]
[BlackElo "2245"]

1.d4 d5 2.c4 e6 3.Nc3 c6 4.e3 Nf6 5.Nf3 Nbd7 6.Bd3 dxc4 7.Bxc4 b5 8.Bd3 Bb7
9.e4 b4 10.Na4 c5 11.e5 Nd5 12.O-O cxd4 13.Nxd4 Nxe5 14.Bb5+ Nd7 15.Re1 Rc8
16.Qh5 g6 17.Qe2 a6 18.Bc4 Qf6 19.Bxa6 Rxc1 20.Raxc1 Bxa6 21.Qxa6 Qxd4 22.Rcd1 Qf4
23.Qc8+ Ke7 24.Rxd5  1-0

[Event "65th ch-RUS HL"]
[Site "Tyumen RUS"]
[Date "2012.06.16"]
[Round "1"]
[White "Sergeev,Ve"]
[Black "Potkin,V"]
[Result "0-1"]
[WhiteElo "2397"]
[BlackElo "2642"]

1.d4 d5 2.Nf3 Nf6 3.c4 c6 4.Nc3 e6 5.e3 Nbd7 6.Qc2 Bd6 7.Bd3 O-O 8.O-O dxc4
9.Bxc4 b5 10.Be2 Bb7 11.e4 e5 12.Rd1 Qc7 13.g3 exd4 14.Nxd4 Rfe8 15.a3 a5
16.Bf3 Be5 17.Be3 b4 18.axb4 axb4 19.Rxa8 Bxa8 20.Nce2 c5 21.Nb3 Bd6 22.Nd2 Ne5
23.Bg2 Bb7 24.h3 Ba6 25.Nf4 h6 26.Qa4 Ra8 27.Ra1 Bb7 28.Qd1 Rxa1 29.Qxa1 c4
30.Bd4 Bc5 31.Bxe5 Qxe5 32.Nxc4 Qd4 33.Ne3 Bxe4 34.Qc1 Bxg2 35.Nfxg2 Ne4
36.h4 b3 37.h5 Qe5 38.g4 Qf6 39.f4 Qd4 40.Kh2 Nf6 41.Kh3 Ne4 42.Qc4 Nd2 43.Qc1 Bf8
44.Kh2 Qd3 45.Qc6 Qd4 46.Qc1 Qd3 47.Qc6 Qe2 48.Kg3 Qd3 49.g5 hxg5 50.fxg5 Qd6+
51.Qxd6 Bxd6+ 52.Kg4 Be5 53.Nd1 Nc4 54.g6 fxg6 55.hxg6 Nxb2  0-1

[Event "65th ch-RUS HL"]
[Site "Tyumen RUS"]
[Date "2012.06.16"]
[Round "1"]
[White "Makhmutov,R"]
[Black "Khairullin,I"]
[Result "1/2-1/2"]
[WhiteElo "2363"]
[BlackElo "2631"]

1.d4 Nf6 2.c4 c6 3.Nc3 d5 4.e3 e6 5.Nf3 Nbd7 6.Bd2 Bd6 7.Bd3 O-O 8.O-O dxc4
9.Bxc4 e5 10.Qc2 h6 11.Bb3 Re8 12.Nh4 exd4 13.exd4 Ne4 14.Nf5 Ndf6 15.Nxd6 Qxd6
16.Ne2 Be6 17.Bf4 Bxb3 18.Qxb3 Qd7 19.Rad1 Nd5 20.Be5 f6 21.Bg3 Qf7 22.Rfe1 Rad8
23.Qc2 Re7 24.Nc3 Nexc3 25.Rxe7 Qxe7 26.bxc3 Re8 27.h4 Qe2 28.Qxe2 Rxe2 29.c4 Nc3
30.Rd3 Rc2 31.d5 cxd5 32.cxd5 Ne2+ 33.Kh2 Nxg3 34.Kxg3 Kf7 35.Ra3 a6 36.Rb3 b5
37.Ra3 Rd2 38.Rxa6 Rxd5 39.a4 bxa4 40.Rxa4 h5  1/2-1/2

[Event "National Open 2012"]
[Site "Las Vegas USA"]
[Date "2012.06.17"]
[Round "5"]
[White "Kelley,D"]
[Black "Anzis,M"]
[Result "0-1"]
[WhiteElo "2242"]
[BlackElo "2077"]

1.d4 d5 2.c4 c6 3.Nc3 Nf6 4.e3 e6 5.Nf3 Nbd7 6.Qc2 Bd6 7.Bd3 O-O 8.O-O dxc4
9.Bxc4 e5 10.h3 Qe7 11.Bb3 Nb6 12.dxe5 Bxe5 13.Nxe5 Qxe5 14.e4 Be6 15.Bxe6 Qxe6
16.Bg5 h6 17.Bh4 g5 18.Bg3 Nh5 19.Bh2 Ng7 20.g4 Nc4 21.Qe2 Rae8 22.Rae1 Rd8
23.b3 Nd2 24.f4 Nxf1 25.f5 Qd7 26.Rxf1 Qd4+  0-1

[Event "National Open 2012"]
[Site "Las Vegas USA"]
[Date "2012.06.17"]
[Round "6"]
[White "Anzis,M"]
[Black "Lebovitz,Andrew E"]
[Result "1-0"]
[WhiteElo "2077"]
[BlackElo "2090"]

1.d4 Nf6 2.c4 c6 3.Nc3 d5 4.e3 e6 5.Nf3 Nbd7 6.Bd3 dxc4 7.Bxc4 b5 8.Bd3 Bd6
9.O-O O-O 10.e4 e5 11.Bg5 exd4 12.Nxd4 Ne5 13.Bc2 h6 14.Bh4 Ng6 15.Nxc6 Qc7
16.Bxf6 Qxc6 17.e5 Bc7 18.Be4 Qc5 19.Nd5 Bxe5 20.Rc1 Qd6 21.Ne7+ Nxe7 22.Qxd6 Bxd6
23.Bxe7 Bxe7 24.Bxa8 Be6 25.Bc6 Bxa2 26.Bxb5 Rb8 27.Ra1 Be6 28.Bd3 Bf6 29.Rxa7 g5
30.Rb1 Rxb2 31.Rxb2 Bxb2 32.Kf1 Kg7 33.Bb1 Bc4+ 34.Kg1 h5 35.Ba2 Bxa2 36.Rxa2 Be5
37.g3 Kg6 38.Kg2 g4 39.Ra4 Bf6 40.h3 gxh3+ 41.Kxh3 Kf5 42.Ra5+ Kg6 43.f4 Bd8
44.Rb5 Bf6 45.Kg2 Bd8 46.Kf3 Bf6 47.Ke4 Bc3 48.Rg5+ Kh6 49.Kf5 Bd4 50.Rg8 Bc3
51.Ra8 Bd4 52.Ra6+ f6 53.Rxf6+  1-0

[Event "65th ch-RUS HL w"]
[Site "Tyumen RUS"]
[Date "2012.06.18"]
[Round "3"]
[White "Romanko,M"]
[Black "Sukhareva,E"]
[Result "1-0"]
[WhiteElo "2420"]
[BlackElo "2236"]

1.d4 d5 2.c4 e6 3.Nc3 c6 4.e3 Nf6 5.Nf3 a6 6.Bd3 dxc4 7.Bxc4 c5 8.O-O b5
9.Bd3 Bb7 10.Qe2 Nbd7 11.Rd1 Qb8 12.h3 Bd6 13.Ng5 cxd4 14.exd4 O-O 15.a4 b4
16.Nce4 Bh2+ 17.Kh1 Bf4 18.Nc5 Nxc5 19.dxc5 Qe5 20.Nf3 Qxe2 21.Bxe2 Bb8 22.Be3 Nd5
23.Nd4 Nxe3 24.fxe3 Bd5 25.Bf3 Bxf3 26.gxf3 Ba7 27.Rac1 Rfc8 28.Nb3 Bb8 29.f4 g6
30.Kg2 Kf8 31.Rc4 a5 32.Kf3 Bc7 33.Nd4 Bd8 34.c6 Ra6 35.Nb5 Bf6 36.c7 Ke7
37.b3 e5 38.Rc5 Ke6 39.Rdc1 exf4 40.Rc6+ Rxc6 41.Rxc6+  1-0

[Event "65th ch-RUS HL"]
[Site "Tyumen RUS"]
[Date "2012.06.19"]
[Round "4"]
[White "Ulanov,A"]
[Black "Yevseev,D"]
[Result "1-0"]
[WhiteElo "2392"]
[BlackElo "2529"]

1.d4 d5 2.Nf3 Nf6 3.c4 e6 4.Nc3 c6 5.e3 Nbd7 6.Qc2 Bd6 7.e4 dxe4 8.Nxe4 Nxe4
9.Qxe4 e5 10.Bd2 O-O 11.O-O-O f5 12.Qc2 e4 13.Ng5 Nf6 14.f3 h6 15.fxe4 hxg5
16.e5 Ne4 17.exd6 Qxd6 18.Be3 Be6 19.g4 Rae8 20.gxf5 Bxf5 21.Bd3 b5 22.Rhf1 bxc4
23.Bxc4+ Be6 24.Rxf8+ Qxf8 25.Rf1 Qb4 26.Bd3 Bd5 27.Rg1 g4 28.a3 Qa5 29.Bf4 Rf8
30.Be3 Rf3 31.Qe2 Nc3 32.Qe1 Na2+ 33.Kb1 Qa4 34.Bc2 Qc4 35.b3 Qe2 36.Bd2 Rf2
37.Qxe2 Rxe2 38.Ba5 Bf3 39.Bd1 Rxh2 40.Bxf3 gxf3 41.Rf1 f2 42.Kxa2 g5 43.Bc7 Rg2
44.Kb2 g4 45.Bf4 Kf7 46.Be3 g3 47.Kc3 Ke6 48.Kd3 Kf5 49.d5 cxd5 50.Bxa7 Kf4
51.Ke2 Ke4 52.Rd1 Rh2 53.Bc5 Rh6 54.a4 Re6 55.Be3 Rc6 56.Rd4+ Ke5 57.Rg4 Rc2+
58.Kf1 d4 59.Bxd4+ Kd5 60.Be3 Rc3 61.Rxg3 Rxb3 62.Kxf2 Ra3 63.Rg4 Kc6 64.Bd2 Kb7
65.Rc4 Rd3 66.Ke2 Rd8 67.Bc3 Rd6 68.Bd4 Rd7 69.Kd3 Rh7 70.Rb4+ Ka8 71.Kc4 Rh5
72.Rb5 Rh1 73.Rg5 Rb1 74.Bc5 Rb7 75.a5 Rb1 76.Bb6 Kb7 77.Rg7+ Kb8 78.Kc5 Rc1+
79.Kb5 Rc8 80.Bc5 Ka8 81.Bd6 Rd8 82.Kc6 Rc8+ 83.Bc7 Rh8 84.Rd7 Rg8 85.Kb6 Rc8
86.Re7  1-0

[Event "16th Voronezh Master Open"]
[Site "Voronezh RUS"]
[Date "2012.06.19"]
[Round "7.45"]
[White "Severina,M"]
[Black "Glukhov,A2"]
[Result "0-1"]
[WhiteElo "2247"]
[BlackElo "2109"]

1.d4 d5 2.c4 c6 3.Nf3 Nf6 4.Nc3 e6 5.e3 Nbd7 6.Bd3 dxc4 7.Bxc4 b5 8.Bd3 Bb7
9.O-O a6 10.e4 c5 11.d5 c4 12.dxe6 fxe6 13.Bc2 Qb6 14.Qe2 Be7 15.e5 Nd5 16.Ng5 g6
17.a4 Bxg5 18.Bxg5 O-O 19.Nxd5 Bxd5 20.h4 Qd4 21.Rae1 Rf7 22.axb5 axb5 23.Bb1 b4
24.Be4 Qxe5 25.Bxd5 Qxe2 26.Rxe2 exd5 27.Rd1 Nb6 28.Be3 Re7 29.Red2 Na4 30.Ra1 Rd7
31.b3 cxb3 32.Rb1 b2 33.Bd4 Kf7 34.Bxb2 Nc3 35.Rc1 d4 36.Bxc3 bxc3 37.Rxc3 dxc3
38.Rxd7+ Ke6 39.Rc7 Ra3 40.Kf1 Ke5 41.Ke2 Kd4 42.Rd7+ Kc4 43.Rc7+ Kb3 44.Kd3 Kb2
45.f3 Rb3 46.g4 Rb6 47.f4 Rd6+ 48.Ke4 c2 49.Rb7+ Kc3 50.Rc7+ Kd2 51.f5 c1=Q
52.Rxc1 Kxc1 53.h5 gxh5 54.gxh5 Kd2 55.Ke5  0-1

[Event "5th Karen Asrian Memorial"]
[Site "Jermuk ARM"]
[Date "2012.06.20"]
[Round "5.8"]
[White "Chibukhchian,A"]
[Black "Aghasaryan,R"]
[Result "0-1"]
[WhiteElo "2494"]
[BlackElo "2339"]

1.d4 d5 2.c4 c6 3.Nf3 Nf6 4.Nc3 e6 5.e3 Nbd7 6.Qc2 Bd6 7.Bd3 O-O 8.O-O dxc4
9.Bxc4 a6 10.Rd1 b5 11.Be2 Qc7 12.e4 e5 13.g3 Re8 14.a3 exd4 15.Nxd4 Be5
16.Bf3 c5 17.Nde2 Bb7 18.Be3 c4 19.a4 b4 20.Nd5 Nxd5 21.exd5 Bd6 22.Nd4 Ne5
23.Bg2 Ng4 24.Nf5 b3 25.Qc3 Be5 26.Bd4 Rad8 27.Nxg7 Kxg7 28.d6 Qxd6 29.Bxe5+ Qxe5
30.Qxe5+ Nxe5 31.Bxb7 Rxd1+ 32.Rxd1 Nd3 33.Bxa6 Nxb2 34.Rc1 Re2 35.a5 Re5
36.Kg2 Rxa5 37.Bxc4 Rc5 38.Rb1 Nxc4 39.Rxb3 Ne5 40.Rb2 Kg6 41.Rb6+ f6 42.Rb2 Kf5
43.Ra2 Nd3 44.Ra3 Rd5 45.Ra4 Ne5 46.Ra2 h6 47.Rb2 Nc4 48.Rc2 Nd6 49.Rc3 Rd2
50.Rf3+ Kg6 51.Rf4 f5 52.Rf3 Ne4 53.Rf4 h5 54.h4 Rd3 55.Kf1 Ra3 56.Kg2 Kf6
57.Kg1 Ke5 58.Kg2 Rb3 59.Kh2 Nf6 60.Ra4 Rb2 61.Ra5+ Ke6 62.Ra6+ Kf7 63.Kg1 Ne4
64.Ra7+ Ke6 65.Ra6+ Kd7 66.Ra7+ Kc6 67.Ra6+ Kb7 68.Rh6 Rxf2 69.Rxh5 Kc6 70.Rh6+ Kd7
71.Rg6 Ke7 72.h5 Kf7 73.Kh1 Rd2 74.Kg1 Rd6 75.g4 f4 76.Rxd6 Nxd6 77.Kg2 Kf6
78.h6 Nf7 79.h7 Ke5 80.Kf2 Ke4 81.Ke2 f3+ 82.Kf2 Kf4 83.g5 Nh8 84.g6 Nxg6
85.Kf1 Ke3 86.Ke1 Nh8  0-1

[Event "62nd ch-RUS HL w"]
[Site "Tyumen RUS"]
[Date "2012.06.20"]
[Round "5"]
[White "Gubernatorova,L"]
[Black "Pustovoitova,D"]
[Result "0-1"]
[WhiteElo "2243"]
[BlackElo "2307"]

1.d4 d5 2.c4 c6 3.Nf3 Nf6 4.Nc3 e6 5.e3 Nbd7 6.Bd3 dxc4 7.Bxc4 b5 8.Bd3 b4
9.Na4 c5 10.Nxc5 Nxc5 11.dxc5 Bxc5 12.O-O Bb7 13.Qe2 Rc8 14.e4 Nd7 15.Bg5 f6
16.Bd2 O-O 17.a3 bxa3 18.b4 Bb6 19.Rxa3 Qe7 20.Rfa1 Rfd8 21.h4 Nb8 22.e5 Nd7
23.exf6 gxf6 24.Be4 Bxe4 25.Qxe4 Ne5 26.Bc3 Rc4 27.Qe2 Nxf3+ 28.Qxf3 e5 29.Be1 Kh8
30.Qf5 Rf4 31.Qh5 Rg8 32.Kh1 Qe8 33.Qxe8 Rxh4+ 34.Kg1 Rxe8 35.Rf3 Kg7 36.Rc1 Rd8
37.Bc3 Rc4 38.Re1 Rdc8 39.Bd2 Rd4 40.Bc3 Rdc4 41.Bd2 Rd4 42.Bc3 Rg4 43.g3 e4
44.Rfe3 Bxe3 45.Rxe3 Kf7 46.Bd4 Rc4 47.Bxa7 Rxb4 48.Rc3 h5 49.Kg2 h4 50.Kh3 f5
51.Rc7+ Ke6 52.Rc6+ Kd7 53.Rf6 hxg3 54.fxg3 Rb3 55.Bf2 Rf3 56.Be1 Ke7 57.Rxf5 Rgxg3+
58.Bxg3 Rxf5  0-1

[Event "Teplice Open 2012"]
[Site "Teplice CZE"]
[Date "2012.06.21"]
[Round "6.43"]
[White "Jirasek,J"]
[Black "Verschraegen,T"]
[Result "1-0"]
[WhiteElo "1948"]
[BlackElo "1760"]

1.d4 d5 2.c4 c6 3.e3 Nf6 4.Nf3 e6 5.Nc3 Nbd7 6.Bd3 dxc4 7.Bxc4 b5 8.Bd3 a6
9.O-O c5 10.Qe2 Bb7 11.Rd1 Qb8 12.e4 cxd4 13.Nxd4 Bd6 14.g3 O-O 15.f4 e5
16.Nf5 Bc5+ 17.Kg2 Qa7 18.Bc2 Rfe8 19.Nd5 Nxd5 20.exd5 Nf6 21.fxe5 Nxd5 22.Kh3 Re6
23.Qh5 g6 24.Nh6+ Kg7 25.Qf3 Bc8 26.Rxd5 Rxe5+ 27.g4  1-0

[Event "65th ch-RUS HL"]
[Site "Tyumen RUS"]
[Date "2012.06.21"]
[Round "6"]
[White "Shimanov,A"]
[Black "Matlakov,M"]
[Result "1/2-1/2"]
[WhiteElo "2600"]
[BlackElo "2668"]

1.Nf3 d5 2.c4 c6 3.e3 Nf6 4.Nc3 e6 5.d4 Nbd7 6.Bd3 dxc4 7.Bxc4 b5 8.Be2 Bb7
9.e4 b4 10.e5 bxc3 11.exf6 cxb2 12.fxg7 bxa1=Q 13.gxh8=Q Qa5+ 14.Nd2 Qf5
15.O-O O-O-O 16.Qb3 Nc5 17.Qe3 Bh6 18.Qxd8+ Kxd8 19.Qxh6 Qxd4 20.Nf3 Qh8
21.Qe3 Kc8 22.Ba3 Nd7 23.Qxa7 Qd8 24.Nd4 Qfa5 25.Nxc6 Qxa7 26.Nxa7+ Kb8 27.Nb5 Qg5
28.Bd6+ Ka8 29.Nc7+ Ka7 30.Nb5+ Ka8 31.Nc7+ Ka7 32.Nb5+ Ka8  1/2-1/2

[Event "16th Voronezh Master Open"]
[Site "Voronezh RUS"]
[Date "2012.06.21"]
[Round "9.20"]
[White "Lysyj,I"]
[Black "Predke,A"]
[Result "1-0"]
[WhiteElo "2644"]
[BlackElo "2454"]

1.d4 d5 2.c4 c6 3.Nf3 Nf6 4.e3 e6 5.Nc3 Nbd7 6.Qc2 Bd6 7.Be2 dxc4 8.Bxc4 a6
9.O-O b5 10.Be2 c5 11.dxc5 Bxc5 12.Ne4 Nxe4 13.Qxe4 Rb8 14.Rd1 Qe7 15.a4 O-O
16.axb5 axb5 17.Nd4 Nf6 18.Qh4 Bd7 19.Nb3 Ra8 20.Rxa8 Rxa8 21.Nxc5 Qxc5 22.Qd4 Qxd4
23.Rxd4 Ra1 24.Rd1 Kf8 25.f3 Bc6 26.e4 Nd7 27.Kf2 e5 28.Ke1 f6 29.Kd2 Nc5
30.Kc3 Ke7 31.Be3 Na4+ 32.Kb3 Rxd1 33.Bxd1 Kd6 34.Be2 g6 35.g4 Bd7 36.Ka3 Be8
37.b3 Nc3 38.Bd3 f5 39.Bd2 fxe4 40.fxe4 Nd1 41.Bb4+ Kc6 42.g5 Nf2 43.Bc2 Bd7
44.Bc3 Bg4 45.Be1 Nh3 46.Bd2 Be2 47.Be3 Nf4 48.Kb2 Bd3 49.Bxf4 Bxc2 50.Kxc2 exf4
51.Kd3 Kd6 52.Ke2 Ke5 53.Kf3  1-0

[Event "5th Karen Asrian Memorial"]
[Site "Jermuk ARM"]
[Date "2012.06.22"]
[Round "7.2"]
[White "Melkumyan,H"]
[Black "Andriasian,Z"]
[Result "1/2-1/2"]
[WhiteElo "2642"]
[BlackElo "2615"]

1.d4 d5 2.c4 c6 3.Nc3 Nf6 4.e3 e6 5.Nf3 Nbd7 6.Qc2 Bd6 7.b3 O-O 8.Be2 b6
9.O-O Bb7 10.Bb2 Qe7 11.Rad1 Rad8 12.Rfe1 c5 13.cxd5 exd5 14.Bf1 Rfe8 15.dxc5 bxc5
16.g3 Ne5 17.Nxe5 Bxe5 18.Bg2 h6 19.f4 Bxc3 20.Qxc3 Qc7 21.b4 Rc8 22.bxc5 Qxc5
23.Qb3 Qc2 24.Bd4 Ne4 25.Qxc2 Rxc2 26.Rb1 Ba6 27.a3 Bd3 28.Rbd1 Bc4 29.Rc1 Ra2
30.Ra1 Rxa1 31.Rxa1 a6 32.Rb1 Nd6 33.Be5 Nf5 34.Kf2 f6 35.Rb8 Kf7 36.Rxe8 Kxe8
37.Bb8 Kd7 38.Bh3 Bd3 39.g4 Nd6 40.g5+ Kc6 41.gxh6 gxh6  1/2-1/2

[Event "5th Svein Memorial"]
[Site "Oslo NOR"]
[Date "2012.06.22"]
[Round "1"]
[White "Lund,T"]
[Black "Edakina,Maria"]
[Result "1-0"]
[WhiteElo "2053"]
[BlackElo "1628"]

1.d4 d5 2.c4 e6 3.Nc3 c6 4.e3 Nf6 5.Nf3 Bd6 6.Bd3 dxc4 7.Bxc4 b5 8.Bd3 b4
9.Na4 Nbd7 10.O-O O-O 11.Qc2 Bb7 12.e4 e5 13.dxe5 Bxe5 14.Nxe5 Nxe5 15.Be2 Ned7
16.Be3 a5 17.Rad1 Qc7 18.Bd4 c5 19.Bxf6 Nxf6 20.Qxc5 Qc6 21.Qxc6 Bxc6 22.Nb6 Rab8
23.e5 Rfe8 24.Nc4 a4 25.Rfe1 Nd7 26.f4 Rbd8 27.Nd6 Re7 28.Bc4 Kf8 29.Rc1 Ba8
30.Nxf7 Rxf7 31.Bxf7 Kxf7 32.e6+ Kf6 33.Rcd1 Bc6 34.e7 Re8 35.Rd6+ Kf7 36.Rxc6 Rxe7
37.Rxe7+ Kxe7 38.Rc4  1-0

[Event "5th Svein Memorial"]
[Site "Oslo NOR"]
[Date "2012.06.22"]
[Round "6"]
[White "Heublum,Harry A"]
[Black "Mihajlov,Sebastian"]
[Result "1/2-1/2"]
[WhiteElo "1903"]
[BlackElo "2064"]

1.d4 d5 2.Nf3 Nf6 3.e3 c6 4.c4 e6 5.Nc3 Nbd7 6.Qc2 Bd6 7.Bd2 O-O 8.Bd3 Qe7
9.O-O dxc4 10.Bxc4 b5 11.Bd3 Bb7 12.Rac1 Rac8 13.h3 a6 14.Ng5 h6 15.Nge4 c5
16.Qb1 c4 17.Nxd6 Qxd6 18.Be4 Bxe4 19.Nxe4 Nxe4 20.Qxe4 Nf6 21.Qf3 Qd5 22.Qxd5 exd5
23.f3 Rb8 24.a3 Rfe8  1/2-1/2

[Event "Teplice Open 2012"]
[Site "Teplice CZE"]
[Date "2012.06.22"]
[Round "7.3"]
[White "Lechtynsky,J"]
[Black "Boros,De"]
[Result "1/2-1/2"]
[WhiteElo "2382"]
[BlackElo "2475"]

1.Nf3 Nf6 2.c4 e6 3.Nc3 d5 4.d4 c6 5.e3 Nbd7 6.Qc2 b6 7.b3 Bb7 8.Be2 Bd6
9.O-O O-O 10.Bb2 Rc8 11.e4 dxe4 12.Nxe4 Nxe4 13.Qxe4 Nf6 14.Qh4 c5 15.Rad1 Ne4
16.Qh5 Nf6 17.Qh4 Ne4 18.Qh5 Nf6 19.Qh4 Ne4 20.Qh5 Nf6 21.Qh4  1/2-1/2

[Event "5th Svein Memorial"]
[Site "Oslo NOR"]
[Date "2012.06.23"]
[Round "2"]
[White "Ogaard,L"]
[Black "Lund,T"]
[Result "1/2-1/2"]
[WhiteElo "2408"]
[BlackElo "2053"]

1.Nf3 Nf6 2.c4 e6 3.Nc3 d5 4.d4 c6 5.e3 Nbd7 6.Qc2 Bd6 7.b3 O-O 8.Be2 Qe7
9.O-O e5 10.cxd5 e4 11.Nh4 Nb6 12.dxc6 bxc6 13.f3 Ng4 14.fxg4 Qxh4 15.g3 Bxg3
16.Bd1 Bc7 17.Qg2 f5 18.Bd2 Be6 19.Qf2 Qe7 20.Qg2 Qh4 21.h3 Rae8 22.Rc1 Rf6
23.Be1 Qg5 24.Bf2 Nd5 25.h4 Qg6 26.g5 Rff8 27.h5 Qf7 28.Nxd5 Bxd5 29.Bg3 Qe7
30.Bf4 Bb6 31.Qg3 Rd8 32.Be5 c5 33.Bf6 Rxf6 34.gxf6 Qxf6 35.dxc5 Rc8 36.Bg4 Bc7
37.Qg2 Be6 38.Be2 Qh6 39.Qh3 Rf8 40.Bc4 Bxc4 41.Rxc4 Qg5+ 42.Kh1 f4 43.exf4 Qd5
44.Rc2 Rf5 45.Rh2 Bxf4 46.Qg4 e3+ 47.Qf3 Bxh2 48.Qxd5+ Rxd5 49.Kxh2 Rd2+
50.Kg3 Rxa2 51.Rc1 Rf2 52.Rc3 Rf7 53.Rxe3 Rc7 54.b4 a5 55.bxa5 Rxc5 56.Ra3 Rc8
57.Kf4 Kf7 58.Ke5 Ke7 59.Kd5 Kd7 60.a6 Kc7 61.Re3 Kb6 62.Re6+ Ka7 63.Re7+ Kxa6
64.Rxg7 Rh8 65.h6 Kb6 66.Rf7 Rd8+ 67.Ke5 Kc6 68.Kf6 Rd1 69.Kg7 Kd6 70.Rf2 Rg1+
71.Kxh7 Ke7 72.Rb2 Kf7 73.Rb7+ Kf8 74.Rg7 Rh1 75.Rg4 Kf7 76.Rf4+ Ke7 77.Rf5 Ke6
78.Rf2 Ke7  1/2-1/2

[Event "65th ch-RUS HL"]
[Site "Tyumen RUS"]
[Date "2012.06.23"]
[Round "7"]
[White "Lintchevski,D"]
[Black "Mokshanov,A"]
[Result "1-0"]
[WhiteElo "2563"]
[BlackElo "2429"]

1.d4 d5 2.c4 c6 3.Nc3 Nf6 4.e3 e6 5.Nf3 Nbd7 6.Bd3 dxc4 7.Bxc4 b5 8.Bd3 Bb7
9.O-O a6 10.e4 c5 11.d5 c4 12.Bc2 Qc7 13.dxe6 fxe6 14.Ng5 Nc5 15.Be3 Rd8
16.Qf3 e5 17.Rad1 Rxd1 18.Rxd1 Qc6 19.Nd5 Bc8 20.Qg3 Ncd7 21.Ne6 g6 22.Nxf6+ Nxf6
23.Nxf8 Rxf8 24.Qxe5+ Kf7 25.Rd6  1-0

[Event "Teplice Open 2012"]
[Site "Teplice CZE"]
[Date "2012.06.24"]
[Round "9.51"]
[White "Gruss,Petr"]
[Black "Vnoucek,P"]
[Result "0-1"]
[WhiteElo "1847"]
[BlackElo "1755"]

1.d4 d5 2.Nf3 Nf6 3.c4 c6 4.e3 e6 5.Nc3 Nbd7 6.a3 a6 7.b4 Be7 8.Bb2 O-O 9.c5 b6
10.cxb6 Nxb6 11.Qc2 a5 12.bxa5 Rxa5 13.Bd3 c5 14.dxc5 Bxc5 15.O-O Be7 16.Rfc1 Ba6
17.Ne5 Bxd3 18.Qxd3 Qa8 19.Nb1 Rc8 20.Rxc8+ Qxc8 21.Nd2 Rc5 22.Qf1 Na4 23.Bd4 Rc2
24.Nb3 Nc3 25.Bxc3 Qxc3 26.Nd4 Rb2 27.Qd3 Qxd3 28.Nxd3 Rb6 29.Kf1 Kf8 30.a4 Nd7
31.Rc1 Bd6 32.a5 Ra6 33.h3 Ke7 34.f4 Kf6 35.Rc6 Rxc6 36.Nxc6 Nb8 37.Ndb4 Bxb4
38.Nxb4 Nd7 39.a6 Ke7 40.a7 Nb6 41.Ke2 Kd6 42.Kd3 Kc7 43.Kd4 Kd6 44.Nd3 f6
45.e4 dxe4 46.Kxe4 Kc6 47.Nb2 Kb7 48.Nd3 Nd7 49.Kd4 Kxa7 50.g4 Kb6 51.g5 Kc6
52.Nf2 fxg5 53.fxg5 e5+ 54.Ke4 Kd6 55.Nd3 Ke6 56.Kf3 Kf5 57.Nf2 Kxg5 58.Ke4 Kf6
59.Kd5 Kf5 60.Kd6 Nf6 61.Ke7 g5 62.Kf7 h5 63.Ke7 Ne4 64.Nd3 g4 65.hxg4+ hxg4
66.Ne1 Ng5 67.Kd6 e4 68.Ng2 Nh3 69.Kd5 Nf2 70.Kd4 g3 71.Ke3 Nd3 72.Ke2 Nf4+  0-1

[Event "62nd ch-RUS HL w"]
[Site "Tyumen RUS"]
[Date "2012.06.24"]
[Round "8"]
[White "Schepetkova,M"]
[Black "Ivakhinova,I"]
[Result "1-0"]
[WhiteElo "2181"]
[BlackElo "2306"]

1.d4 d5 2.c4 c6 3.Nc3 Nf6 4.e3 e6 5.Nf3 Nbd7 6.Bd3 dxc4 7.Bxc4 b5 8.Bd3 Bd6
9.O-O O-O 10.a4 b4 11.Ne4 Nxe4 12.Bxe4 Bb7 13.a5 Nf6 14.a6 Bxa6 15.Bxh7+ Nxh7
16.Rxa6 c5 17.Bd2 Nf6 18.Qb1 Qe7 19.e4 Bb8 20.e5 Nd5 21.Ng5 g6 22.Nxe6 Nc7
23.Bg5 Qe8 24.Nxc7 Bxc7 25.Bf6 cxd4 26.Qe4  1-0

[Event "62nd ch-RUS HL w"]
[Site "Tyumen RUS"]
[Date "2012.06.24"]
[Round "8"]
[White "Zaiatz,E"]
[Black "Ovod,E"]
[Result "0-1"]
[WhiteElo "2446"]
[BlackElo "2410"]

1.d4 d5 2.c4 c6 3.Nf3 Nf6 4.Nc3 e6 5.e3 Nbd7 6.Qc2 Be7 7.g4 h6 8.Rg1 dxc4
9.e4 b5 10.g5 hxg5 11.Bxg5 Bb7 12.e5 b4 13.exf6 gxf6 14.Ne4 fxg5 15.Bxc4 Qc7
16.Nexg5 Bxg5 17.Nxg5 Qxh2 18.Rg3 Qh1+ 19.Bf1 Ba6 20.O-O-O Bxf1 21.b3 Ke7
22.Qd2 a5 23.Qf4 Raf8 24.d5 cxd5 25.Kb2 Qh6  0-1

[Event "20th Montcada Open"]
[Site "Montcada i Reixac ESP"]
[Date "2012.06.26"]
[Round "2.2"]
[White "Peralta,Fe"]
[Black "Saptarshi,R"]
[Result "1/2-1/2"]
[WhiteElo "2590"]
[BlackElo "2394"]

1.d4 d5 2.c4 e6 3.Nc3 c6 4.e3 Nf6 5.Nf3 a6 6.a4 c5 7.Bd3 Nc6 8.O-O Be7 9.b3 O-O
10.Bb2 cxd4 11.exd4 b6 12.Rc1 Bb7 13.Re1 Nb4 14.Bf1 dxc4 15.bxc4 Rc8 16.Ne5 Nd7
17.Nd3 Nc6 18.d5 Na5 19.dxe6 fxe6 20.Qg4 Nxc4 21.Qxe6+ Rf7 22.Nd5 Bf8 23.Rxc4 Rxc4
24.Ne7+ Qxe7 25.Qxc4 Qd6 26.Re8 Qc6 27.Nb4 Qg6 28.Nxa6 Bxa6 29.Qxa6 Rxf2
30.Qc4+ Kh8 31.Kxf2 Qxe8 32.g3 Nc5 33.Qb5 Qe4 34.Qc4 Qb1 35.Bd4 Qd1 36.Kg2 Qxa4
37.Qf7 Ne6 38.Bxg7+ Bxg7 39.Qxe6 Qa8+ 40.Kh3 Qd8 41.Bc4 Bf6 42.Kg2 Qd2+ 43.Be2 Qd8
44.Bc4 Qd2+ 45.Kh3 Qd8 46.Qf7 Bg7 47.Qf5 Qf8 48.Qd5 Bf6 49.Bd3 Qh6+ 50.Kg4 Qg7+
51.Kf3 Qf8 52.Bf5 Qa3+ 53.Kg2 Qe7 54.Kf3 Qa3+ 55.Bd3 Qf8 56.Kg2 Qd8 57.Qc6 Qxd3
58.Qxf6+ Kg8 59.Qxb6 Qe4+ 60.Kh3 Qf5+ 61.g4 Qf1+ 62.Kg3 Qe1+ 63.Qf2 Qe5+
64.Qf4 Qe1+ 65.Kh3 Qc3+ 66.Qg3 Qb4 67.Qe5 Qd2 68.Qe8+ Kg7 69.Qe7+ Kg6 70.Qe6+ Kg7
71.Kg3 h6 72.Qe5+ Kg6 73.Qe6+ Kg7 74.h3 Qd3+ 75.Kh4 Qd8+ 76.Kg3 Qd3+ 77.Kg2 Qd2+
78.Kf3 Qd1+ 79.Qe2 Qd5+ 80.Qe4 Qd1+ 81.Kg3 Qg1+ 82.Kf4 Qf2+ 83.Ke5 Qg3+ 84.Ke6 Qxg4+
85.hxg4 Kg8 86.Qe5 Kh7 87.Qb8 Kg7 88.Qb1 Kh8 89.Qa1+ Kh7 90.Qa7+ Kg6 91.Qf7+ Kg5
92.Qf5+ Kh4 93.Qh5+ Kg3 94.Kf5  1/2-1/2

[Event "65th ch-RUS HL"]
[Site "Tyumen RUS"]
[Date "2012.06.26"]
[Round "10"]
[White "Temirkanov,D"]
[Black "Mokshanov,A"]
[Result "1/2-1/2"]
[WhiteElo "2334"]
[BlackElo "2429"]

1.d4 d5 2.c4 e6 3.Nc3 c6 4.e3 Nf6 5.Nf3 Nbd7 6.Qc2 Bd6 7.b3 O-O 8.Bd3 Qe7
9.Bb2 b6 10.O-O Bb7 11.e4 dxe4 12.Nxe4 Nxe4 13.Bxe4 f5 14.Bd3 c5 15.d5 Qf7
16.Ng5 Qh5 17.f4 exd5 18.Bxf5 Nf6 19.Be6+ Kh8 20.Rf3 Bxf4 21.Rh3 Bxg5 22.Rxh5 Nxh5
23.Bxd5 Bxd5 24.cxd5 Rae8 25.Rd1 Be3+ 26.Kh1 Rf2 27.Qc3 Bd4 28.Qh3 Nf4 29.Qd7 Rfe2
30.Bxd4 cxd4 31.h3 d3 32.g3 Re1+ 33.Rxe1 Rxe1+ 34.Kh2 Re2+ 35.Kg1 h6 36.Qc8+ Kh7
37.Qf5+ Kg8 38.Qc8+ Kh7 39.Qf5+ Kg8 40.Qc8+ Kh7 41.Qf5+  1/2-1/2

[Event "9th Philadelphia International"]
[Site "Philadelphia USA"]
[Date "2012.06.29"]
[Round "2"]
[White "Burnett,R"]
[Black "Sethuraman,S"]
[Result "0-1"]
[WhiteElo "2360"]
[BlackElo "2546"]

1.c4 e6 2.Nc3 d5 3.d4 c6 4.e3 Nf6 5.Nf3 Nbd7 6.Qc2 g6 7.Be2 Bg7 8.O-O O-O
9.b3 Re8 10.Bb2 b6 11.b4 dxc4 12.Bxc4 Bb7 13.Rfd1 Qe7 14.Qb3 c5 15.d5 exd5
16.Nxd5 Bxd5 17.Bxd5 Nxd5 18.Rxd5 Bxb2 19.Qxb2 cxb4 20.Rad1 Nf6 21.Re5 Red8
22.Rd4 Qf8 23.h3 a5 24.Rb5 Rd6 25.Ne5 Rad8 26.Nc4 Rxd4 27.exd4 Qe8 28.Rxb6 Nd5
29.Rd6 Rxd6 30.Nxd6 Qe6 31.Nc4 Nc3 32.Ne5 Qxa2 33.Qxa2 Nxa2 34.d5 b3 35.Nc4 Kf8
36.Kf1 Nc3 37.Ke1 a4  0-1